Catálogo
 En Linea

Guzmán : (Registro nro. 18428)

Detalles MARC
000 -CABECERA
campo de control de longitud fija 00889cam a2200289 a 4500
001 - NÚMERO DE CONTROL
campo de control 000018910
005 - FECHA Y HORA DE LA ÚLTIMA TRANSACCIÓN
campo de control 20200929165900.0
008 - DATOS DE LONGITUD FIJA--INFORMACIÓN GENERAL
campo de control de longitud fija 731009s1975 ve 000 f spa d
020 ## - NÚMERO INTERNACIONAL ESTÁNDAR DEL LIBRO
Número Internacional Estándar del Libro 8471560046
035 ## - NÚMERO DE CONTROL DEL SISTEMA
Número de control de sistema (DLC) 51027508
035 ## - NÚMERO DE CONTROL DEL SISTEMA
Número de control de sistema (OCoLC)713497
040 ## - FUENTE DE LA CATALOGACIÓN
Centro catalogador/agencia de origen DO-SdBNP
Centro/agencia transcriptor OKentU
Centro/agencia modificador DLC
-- BNPHU
042 ## - CÓDIGO DE AUTENTICACIÓN
Código de autenticación premarc
082 ## - NÚMERO DE LA CLASIFICACIÓN DECIMAL DEWEY
Número de clasificación V863.42
Número de documento/Ítem G993d, 1975
049 ## - FONDOS LOCALES (OCLC)
Fondos de biblioteca BNGR
100 1# - ENTRADA PRINCIPAL--NOMBRE DE PERSONA
Nombre de persona Díaz Sánchez, Ramón,
Fechas asociadas al nombre 1903-1968.
9 (RLIN) 23438
245 10 - MENCIÓN DE TÍTULO
Título Guzmán :
Resto del título elipse de una ambición de poder /
Mención de responsabilidad, etc. Ramón Díaz Sánchez.
250 ## - MENCIÓN DE EDICIÓN
Mención de edición 6a ed.
260 ## - PUBLICACIÓN, DISTRIBUCIÓN, ETC.
Lugar de publicación, distribución, etc. [Caracas] :
Nombre del editor, distribuidor, etc. Mediterráneo,
Fecha de publicación, distribución, etc. 1975.
300 ## - DESCRIPCIÓN FÍSICA
Extensión v. ;
Dimensiones 19 cm.
490 1# - MENCIÓN DE SERIE
Mención de serie Edime
Designación de volumen o secuencia 59-60
600 10 - PUNTO DE ACCESO ADICIONAL DE MATERIA--NOMBRE DE PERSONA
Nombre de persona GUZMÁN, ANTONIO LEOCADIO,
Fechas asociadas al nombre 1801-1884.
9 (RLIN) 40700
650 #4 - PUNTO DE ACCESO ADICIONAL DE MATERIA--TÉRMINO DE MATERIA
Término de materia o nombre geográfico como elemento de entrada Novela venezolana
9 (RLIN) 3962
650 #4 - PUNTO DE ACCESO ADICIONAL DE MATERIA--TÉRMINO DE MATERIA
Término de materia o nombre geográfico como elemento de entrada Literatura venezuela
Subdivisión cronológica SIGLO XX
9 (RLIN) 22450
830 #0 - PUNTO DE ACCESO ADICIONAL DE SERIE-TÍTULO UNIFORME
Título uniforme Edime ;
Designación de volumen o secuencia 59-60
9 (RLIN) 12783
910 ## - DATOS DE OPCIÓN DEL USUARIO (OCLC)
Datos de opción del usuario Catalogación derivada / LC
Existencias
Estado de retiro Estado de pérdida Restricciones de uso No para préstamo Código de colección Localización permanente Ubicación/localización actual Ubicación en estantería Fecha de adquisición Número de inventario Total de préstamos Signatura topográfica completa Código de barras Fecha visto por última vez Precio válido a partir de Tipo de ítem Koha
        Monografías: Libros y Folletos General General En catalogación 20.05.2010 LF1   v.1 18910-10 25.06.2020 25.06.2020 Préstamo en sala

Con tecnología Koha